000 00284nam a2200121Ia 4500
008 190216s9999||||xx |||||||||||||| ||und||
100 _aSankara Kurup G
245 0 _aAnthardaham
260 _bNational Book Stall
_c1963
300 _a100p
650 _aMalayalam Kavitha
942 _cBK
999 _c24152
_d24152